01536nam a2200445 i 450000100060000000300080000600500170001400600190003100700150005000800410006502000270010602000180013303500230015103500240017403500250019803500210022304000310024405000210027508000100029608200140030610000260032024501020034626400390044830000410048733600310052833700330055933800430059249000230063550000220065850400290068058801270070965000380083665000420087465000200091665000250093665000160096165500270097783000240100485600620102829626FlNmELB20241216220516.0m o d | cr cnu||||||||161206s2016 sp ob 001 0 spa d a9788491163947 (e-book) z9788491163930 a(MiAaPQ)EBC4721954 a(Au-PeEL)EBL4721954 a(CaPaEBR)ebr11286118 a(OCoLC)984824519 aFINmELBbspaerdacFINmELB 4aP95.8bM357 2016 a304.20 a302.22231 aMarqués, Joaquín.10aPolítica y propaganda :bmedios de comunicación y opinión pública /cJoaquín Marqués. 1aBarcelona :bEditorial UOC,c2016. a1 recurso en línea (276 páginas) atextobtxt2rdacontent/spa acomputadorabc2rdamedia/spa arecurso en líneabcr2rdacarrier/spa1 aDircom colección aIncluye índice. aContiene bibliografía. aDescripción basada en recurso en línea; Título de la página del título en PDF (e-libro, visto December 6, 2016). 0aCommunicationxPolitical aspects. 4aComunicaciónxAspectos políticos. 0aPublic opinion. 4aOpinión pública. 0aPropaganda. 4aLibros electrónicos. 0aDircom colección.40uhttps://elibro.net/ereader/politecnicointernacional/58560